Picasso and American art (Record no. 36715)

MARC details
000 -LEADER
fixed length control field 01051nam a2200253Ia 4500
008 - FIXED-LENGTH DATA ELEMENTS--GENERAL INFORMATION
fixed length control field 191130s2006##################000#0#eng##
020 ## - INTERNATIONAL STANDARD BOOK NUMBER
International Standard Book Number 9780300114522
022 ## - INTERNATIONAL STANDARD SERIAL NUMBER
International Standard Serial Number 2006001402
040 ## - CATALOGING SOURCE
Original cataloging agency ACL
Transcribing agency ACL
082 ## - DEWEY DECIMAL CLASSIFICATION NUMBER
Classification number 709.730747471 FIT
100 ## - MAIN ENTRY--PERSONAL NAME
Personal name FitzGerald, Michael C
245 ## - TITLE STATEMENT
Title Picasso and American art
Statement of responsibility, etc. Michael FitzGerald ; with a chronology by Julia May Boddewyn
260 ## - PUBLICATION, DISTRIBUTION, ETC.
Place of publication, distribution, etc. New York ; New Haven
Name of publisher, distributor, etc. Inassociation with Yale University Press, Whitney Museum of American Art
Date of publication, distribution, etc. c2006
300 ## - PHYSICAL DESCRIPTION
Extent 400 p. : ill. (some col.) ; 32 cm
500 ## - GENERAL NOTE
General note Includes bibliographical references and index
650 ## - SUBJECT ADDED ENTRY--TOPICAL TERM
Topical term or geographic name entry element Art, American - 20th century - Exhibitions
Topical term or geographic name entry element Avant-garde (Aesthetics) - United States - History - 20th century - Exhibitions
Topical term or geographic name entry element Picasso, Pablo, 1881-1973 - Influence - Exhibitions
700 ## - ADDED ENTRY--PERSONAL NAME
Personal name Boddewyn, Julia May
710 ## - ADDED ENTRY--CORPORATE NAME
Corporate name or jurisdiction name as entry element San Francisco Museum of Modern Art, Walker Art Center, Whitney Museum of American Art
990 ## - EQUIVALENCES OR CROSS-REFERENCES [LOCAL, CANADA]
Link information for 9XX fields 6e6af8f5ac10000c0f97d4e2b4347022
991 ## -
-- 311777
Holdings
Withdrawn status Lost status Materials specified (bound volume or other part) Damaged status Not for loan Home library Current library Shelving location Date acquired Total Checkouts Full call number Barcode Date last seen Price effective from Koha item type
    hbk     Anna Centenary Library Anna Centenary Library 6TH FLOOR, B WING 09.10.2020   709.730747471 FIT 123560 09.10.2020 09.10.2020 English Books

Find us on the map